Statistics for Oceanian Geography A-Z

Click here to take the quiz!

General Stats

  • This quiz has been taken 98 times
  • The average score is 16 of 25

Answer Stats

ClueAnswer% Correct
ALargest urban area in New ZealandAuckland
96%
GU.S. territory in MicronesiaGuam
92%
WCapital city of New ZealandWellington
92%
HU.S. state situated in OceaniaHawaii
91%
QIts capital is BrisbaneQueensland
91%
EChilean island in the southeastern PacificEaster Island
86%
UOther name of Ayer's RockUluru
86%
DCity named after English evolutionistDarwin
84%
OMost remote area of AustraliaOutback
81%
ILarge body of water at the west of the continentIndian Ocean
80%
FCapital city of TuvaluFunafuti
72%
VIts official language is BislamaVanuatu
68%
MLongest riverMurray River
66%
YCapital of NauruYaren
66%
NWorld's second-largest islandNew Guinea
63%
SConstellation on four national flagsSouthern Cross
62%
PEasternmost subregion of OceaniaPolynesia
53%
ZOne country is named after this Dutch ProvinceZeeland
51%
CSea between PNG and New CaledoniaCoral Sea
41%
TLargest of the Society IslandsTahiti
41%
LColloquial name for AustraliaLand Down Under
37%
BStrait between Australia and TasmaniaBass Strair
35%
KHighest mountain in AustraliaMt. Kosciuszko
23%
RE in its native languageRapa Nui
19%
JPort, the location of the Sydney Opera HouseJackson
16%

Score Distribution

Percentile by Number Answered

Percent of People with Each Score

Your Score History

You have not taken this quiz